Влияние надежности на пропускную способность систем связи; Методы менеджмента качества; № 7

Detalhes bibliográficos
Parent link:Методы менеджмента качества: научно-технический журнал/ Всероссийская организация качества (ВОК).— , 1999-.— 0130-6898
№ 7.— 2002.— С. 39-42
Autor principal: Ушаков И. А.
Outros Autores: Чакраварти С.
Idioma:russo
Publicado em: 2002
Colecção:Надежность и безопасность
Assuntos:
Formato: Capítulo de Livro
KOHA link:https://koha.lib.tpu.ru/cgi-bin/koha/opac-detail.pl?biblionumber=384222

MARC

LEADER 00000naa2a2200000 4500
001 384222
005 20231101063229.0
035 |a (RuTPU)RU\TPU\prd\10718 
090 |a 384222 
100 |a 20030218a2002 k y0rusy50 ca 
101 0 |a rus 
102 |a RU 
200 1 |a Влияние надежности на пропускную способность систем связи  |f И. А. Ушаков, С. Чакраварти 
225 1 |a Надежность и безопасность 
320 |a Библиогр.: 9 назв. 
461 1 |0 (RuTPU)RU\TPU\prd\1635  |x 0130-6898  |t Методы менеджмента качества  |o научно-технический журнал  |f Всероссийская организация качества (ВОК)  |d 1999- 
463 1 |0 (RuTPU)RU\TPU\prd\5994  |t № 7  |v С. 39-42  |d 2002 
610 1 |a надежность 
610 1 |a пропускная способность 
610 1 |a системы свази 
610 1 |a сложные системы 
610 1 |a эффективность 
610 1 |a коэффициент эффективного функционирования 
700 1 |a Ушаков  |b И. А. 
701 1 |a Чакраварти  |b С. 
801 1 |a RU  |b 63413507  |c 20030218  |g PSBO 
801 2 |a RU  |b 63413507  |c 20130520  |g RCR 
942 |c BK